| 000 | 01343nam a2200385 i 4500 | ||
|---|---|---|---|
| 001 | 18642 | ||
| 003 | KOSZ 005 | ||
| 005 | 20220916112456.0 | ||
| 008 | 000515s1979 pl a |001 0 pol | ||
| 015 | _aPB 1978/79 | ||
| 040 |
_aWA N _cWA N _dKOSZ 005/HR |
||
| 041 | 0 | _apol | |
| 046 | _k1979 | ||
| 080 | _a657.47 | ||
| 080 | _a(075.8) | ||
| 100 | 1 |
_aJaruga, Alicja _d(1928-2011) _eAutor |
|
| 245 | 1 | 0 |
_aRachunek kosztów / _cAlicja Jarugowa, Wiktor Malc, Kazimierz Sawicki. |
| 260 |
_aWarszawa : _bPaństwowe Wydawnictwo Ekonomiczne, _c1979. |
||
| 300 |
_a354, [2] s. : _bil., tab., wykr. ; _c24 cm. |
||
| 336 |
_2rdacontent _aTekst _btxt |
||
| 337 |
_2rdamedia _aBez urządzenia pośredniczącego _bn |
||
| 338 |
_2rdacarrier _aWolumin _bnc |
||
| 380 | _aKsiążki | ||
| 388 | _a1901-2000 | ||
| 388 | _a1945-1989 | ||
| 504 | _aBibliogr. s. 340-346 oraz przy rozdz. - Indeks. | ||
| 650 | 4 | _aRachunek kosztów | |
| 655 | 4 | _aPodręczniki akademickie | |
| 658 | _aGospodarka, ekonomia, finanse | ||
| 700 | 1 |
_aMalc, Wiktor _d(1918-1995) _eAutor |
|
| 700 | 1 |
_aSawicki, Kazimierz _d(1926-2021) _eAutor |
|
| 710 | 2 |
_aPaństwowe Wydawnictwo Ekonomiczne _4pbl. |
|
| 856 |
_uhttp://koha.tu.koszalin.pl/cgi-bin/koha/opac-detail.pl?biblionumber=18642 _yKatalog online BPK |
||
| 942 |
_2UKD _cKS |
||
| 999 |
_c18642 _d18642 |
||